Ways of reading : (رقم التسجيلة. 35033)
[ عرض عادي ]
| 000 -الفاتح | |
|---|---|
| حقل البيانات ثابتة الطول | 01123nam a22003017a 4500 |
| 001 - رقم الضبط | |
| رقم الضبط | 17198491 |
| 003 - محدد رقم الضبط | |
| رقم الضبط | OSt |
| 005 - وقت وتاريخ اخر تعامل مع التسجيلة | |
| رقم الضبط | 20150408114217.0 |
| 008 - عناصر البيانات ثابتة الطول - معلومات عامة | |
| حقل البيانات ثابتة الطول | 140514s2013 enka g b 001 0 eng |
| 020 ## - الرقم الدولى المعيارى للكتب | |
| الرقم الدولى المعيارى للكتاب | 9780415677486 |
| 020 ## - الرقم الدولى المعيارى للكتب | |
| الرقم الدولى المعيارى للكتاب | 9780415677479 (pbk.) |
| 040 ## - مصدر الفهرسة | |
| وكالة الفهرسة الأصلية | Ma-Un |
| 082 00 - رقم تصنيف ديوى العشرى | |
| رقم الطبعة | 22 |
| رقم التصنيف | 808.0427 |
| رقم المادة | WAR |
| 245 00 - بيان العنوان | |
| العنوان | Ways of reading : |
| بقية العنوان | Advanced reading skills for students of English literature / |
| بيان المسئوليه,etc | Martin Montgomery... [et al.] |
| 250 ## - بيان الطبعة | |
| بيان الطبعة | 4th ed. |
| 260 ## - PUBLICATION, DISTRIBUTION, ETC. (IMPRINT) | |
| مكان الناشر او الموزع | London ; |
| -- | New York : |
| اسم الناشر او الموزع | Routledge, |
| تاريخ النشر أو التوزيع | 2013. |
| 300 ## - الوصف المادى | |
| التعداد | ix, 374 p. : |
| تفاصيل ماديه اخرى للوعاء | ill. ; |
| أبعاد الوعاء | 26 cm. |
| 504 ## - تبصرة ببليوجرافية | |
| تبصرة ببليوجرافية,الخ | Includes bibliographical references (p. [358]-364) and indexes. |
| 650 ## - المدخل الاضافى بالموضوع-مصطلح موضوعى | |
| مصطلح موضوعي أو اسم جغرافي كعنصر مدخل | English literature |
| التقسيم الفرعي العام | History and criticism |
| -- | Theory, etc. |
| 9 (RLIN) | 38748 |
| 650 ## - المدخل الاضافى بالموضوع-مصطلح موضوعى | |
| مصطلح موضوعي أو اسم جغرافي كعنصر مدخل | English literature |
| التقسيم الفرعي الشكلي | Problems, exercises, etc. |
| 9 (RLIN) | 45013 |
| 650 ## - المدخل الاضافى بالموضوع-مصطلح موضوعى | |
| مصطلح موضوعي أو اسم جغرافي كعنصر مدخل | Reading (Higher education) |
| 650 ## - المدخل الاضافى بالموضوع-مصطلح موضوعى | |
| مصطلح موضوعي أو اسم جغرافي كعنصر مدخل | Reading comprehension. |
| 9 (RLIN) | 35611 |
| 650 ## - المدخل الاضافى بالموضوع-مصطلح موضوعى | |
| مصطلح موضوعي أو اسم جغرافي كعنصر مدخل | Books and reading. |
| 9 (RLIN) | 4008 |
| 650 ## - المدخل الاضافى بالموضوع-مصطلح موضوعى | |
| مصطلح موضوعي أو اسم جغرافي كعنصر مدخل | College readers. |
| 700 1# - المدخل الاضافى - اسم شخصى | |
| الإسم الشخصى | Montgomery, Martin. |
| 9 (RLIN) | 45014 |
| 942 ## - عناصر المدخل الإضافي( كوها) | |
| مصدر التصنيف او مخطط الترفيف | Dewey Decimal Classification |
| Koha [default] item type | كتاب |
| حالة الفقد | نموذج السعر الفعال | حالة تلف | ليس للاعارة | رقم الطلب | رقم النسخة | تاريخ الاكتساب | مصدر التزويد | الموقع الحالي | الباركود | الفرع الرئيسي | Date last checked out | Date last seen | نوع المادة فى نظام كوها | مصدر التصنيف او خطة الترفيف | Total Checkouts | Total Renewals |
|---|---|---|---|---|---|---|---|---|---|---|---|---|---|---|---|---|
| 2014-05-14 | Not For Loan | 808.0427 WAR | 1 | 2014-05-14 | دار العرب | مكتبة كلية العلوم و الدراسات الإنسانية برماح - طالبات (SRF) | 00211288 | مكتبة كلية العلوم و الدراسات الإنسانية برماح - طالبات (SRF) | 2016-01-26 | 2016-03-24 | كتاب | Dewey Decimal Classification | 1 | |||
| 2014-05-14 | 808.0427 WAR | 2 | 2014-05-14 | دار العرب | مكتبة كلية العلوم و الدراسات الإنسانية برماح - طالبات (SRF) | 00211290 | مكتبة كلية العلوم و الدراسات الإنسانية برماح - طالبات (SRF) | 2022-10-20 | 2022-12-07 | كتاب | Dewey Decimal Classification | 2 | ||||
| 2014-05-14 | Not For Loan | 808.0427 WAR | 1 | 2014-05-14 | دار العرب | مكتبة كلية العلوم و الدراسات الإنسانية برماح - طلاب (SRM) | 00211289 | مكتبة كلية العلوم و الدراسات الإنسانية برماح - طلاب (SRM) | 2020-01-23 | 2025-01-26 | كتاب | Dewey Decimal Classification | 1 | 1 | ||
| 2014-05-14 | 808.0427 WAR | 2 | 2014-05-14 | دار العرب | مكتبة كلية العلوم و الدراسات الإنسانية برماح - طلاب (SRM) | 00211292 | مكتبة كلية العلوم و الدراسات الإنسانية برماح - طلاب (SRM) | 2014-05-14 | كتاب | Dewey Decimal Classification |
